000 00395pam a2200157a 44500
008 230515b1981 xxu||||| |||| 00| 0 eng d
020 _aNULL
041 _aENGLISH
082 _a001.6424 /FIN/WAT
100 _aFINDLY W. /WATT D. A.
245 _aPASCAL AN INTRODUCTION TO METHODICAL PROGRAMMING
250 _aND
260 _aNULL
_bPITMAN BOOK
_c1981
300 _a404 PB
650 _aNULL
999 _c621033
_d621033